[Event "SVK-chT4 A22 1415"]
[Site "Slovakia"]
[Date "2015.01.04"]
[Round "6.6"]
[White "Jablonicky, Martin"]
[Black "Puobis, Jozef"]
[Result "1-0"]
[WhiteElo "1949"]
[BlackElo "1856"]
[PlyCount "81"]
[EventDate "2014.10.12"]
[EventType "team-tourn"]
[EventRounds "11"]
[EventCountry "SVK"]
[SourceTitle "EXT 2019"]
[Source "ChessBase"]
[SourceDate "2018.10.10"]
[SourceVersion "1"]
[SourceVersionDate "2018.10.10"]
[SourceQuality "1"]

1. e4 c6 2. d4 d5 3. e5 Bf5 4. h4 Nd7 5. g4 Be6 6. f4 f5 7. Bd3 Nh6 8. Nh3 c5 9. Ng5 Qb6 10. Nxe6 Qxe6 11. gxf5 Nxf5 12. dxc5 Nxc5 13. Bb5+ Nd7 14. Nc3 d4 15. Ne4 Qd5 16. Qd3 0-0-0 17. c4 Qg8 18. Bxd7+ Rxd7 19. Nc5 e6 20. Nxd7 Kxd7 21. a3 Be7 22. Be3 Bxh4+ 23. Rxh4 Nxh4 24. Qxd4+ Ke7 25. 0-0-0 Qc8 26. Qd6+ Ke8 27. Bxa7 Nf5 28. Qb4 Kf7 29. Qb5 Re8 30. Bc5 Kg6 31. Rd7 h5 32. Rxb7 Rd8 33. Bd6 h4 34. Rb8 Qd7 35. Qxd7 Rxd7 36. c5 h3 37. Rb3 Nxd6 38. exd6 Kf5 39. Rxh3 Kxf4 40. c6 Rxd6 41. c7 1-0

[Event "Ostrava Seniors op"]
[Site "Ostrava"]
[Date "2014.05.03"]
[Round "8"]
[White "Herman, Pavel"]
[Black "Puobis, Jozef"]
[Result "0-1"]
[WhiteElo "1706"]
[BlackElo "1869"]
[PlyCount "64"]
[EventDate "2014.04.26"]
[EventType "swiss"]
[EventRounds "9"]
[EventCountry "CZE"]
[SourceTitle "CBM 160 Extra"]
[Source "ChessBase"]
[SourceDate "2014.07.01"]
[SourceVersion "1"]
[SourceVersionDate "2014.07.01"]
[SourceQuality "1"]

1. e4 e5 2. Bc4 Nc6 3. c3 Nf6 4. Qe2 Na5 5. Bd3 d5 6. Bc2 Bd6 7. exd5 Nxd5 8. d4 0-0 9. dxe5 Bxe5 10. Nf3 Bf6 11. 0-0 Ne7 12. Rd1 Qe8 13. Re1 Nac6 14. Nbd2 Bg4 15. Ne4 Be5 16. Neg5 Ng6 17. Qc4 Bxf3 18. Nxf3 Kh8 19. Bxg6 fxg6 20. Qh4 Qd7 21. Bg5 Bd6 22. Rad1 h6 23. Rd2 Rf7 24. a3 Raf8 25. h3 Qf5 26. Be3 Be7 27. Qc4 Qh5 28. Rd5 Rf5 29. g4 Qxh3 30. gxf5 Qxf3 31. Bc5 Bxc5 32. Rxc5 gxf5 0-1

[Event "Ostrava Seniors op"]
[Site "Ostrava"]
[Date "2014.04.29"]
[Round "4"]
[White "Novotny, Petr"]
[Black "Puobis, Jozef"]
[Result "1/2-1/2"]
[WhiteElo "1661"]
[BlackElo "1869"]
[PlyCount "24"]
[EventDate "2014.04.26"]
[EventType "swiss"]
[EventRounds "9"]
[EventCountry "CZE"]
[SourceTitle "CBM 160 Extra"]
[Source "ChessBase"]
[SourceDate "2014.07.01"]
[SourceVersion "1"]
[SourceVersionDate "2014.07.01"]
[SourceQuality "1"]

1. e4 e5 2. Nf3 Nc6 3. Bb5 a6 4. Ba4 Nf6 5. 0-0 Nxe4 6. Re1 Nc5 7. Bxc6 dxc6 8. d4 Ne6 9. Nxe5 Be7 10. c3 0-0 11. Nd2 c5 12. dxc5 Nxc5 1/2-1/2

[Event "SVK-chT4 A22 1213"]
[Site "Slovakia"]
[Date "2013.03.17"]
[Round "11.1"]
[White "Lopatievov, Alexander"]
[Black "Puobis, Jozef"]
[Result "1-0"]
[WhiteElo "1937"]
[BlackElo "1910"]
[PlyCount "109"]
[EventDate "2012.10.14"]
[EventType "team-tourn"]
[EventRounds "11"]
[EventCountry "SVK"]
[SourceTitle "EXT 2015"]
[Source "ChessBase"]
[SourceDate "2014.11.20"]
[SourceVersion "1"]
[SourceVersionDate "2014.11.20"]
[SourceQuality "1"]
[WhiteTeam "Trnava Modranka II"]
[BlackTeam "Gabcikovo Russel II"]
[WhiteTeamCountry "SVK"]
[BlackTeamCountry "SVK"]

1. c4 e6 2. Nc3 d5 3. e3 Nf6 4. g3 c6 5. b3 Nbd7 6. Bg2 Bd6 7. Nge2 Qa5 8. 0-0 dxc4 9. bxc4 Qh5 10. Nf4 Qxd1 11. Rxd1 Bxf4 12. gxf4 e5 13. Ba3 exf4 14. exf4 Kd8 15. Re1 Nb6 16. d3 Be6 17. f5 Bd7 18. Re7 Rf8 19. Rae1 Nc8 20. R7e3 Re8 21. Bh3 Rxe3 22. fxe3 g5 23. e4 g4 24. Bg2 Nh5 25. Kf2 Rb8 26. Rb1 Kc7 27. d4 b6 28. Bf1 a6 29. Be2 Nf6 30. Ke3 h5 31. Kf4 Nh7 32. e5 Kd8 33. Bd3 f6 34. exf6 Be8 35. Ne4 Rb7 36. Ke5 Rd7 37. d5 c5 38. Bc1 Bf7 39. Bd2 Kc7 40. a4 Rd8 41. a5 Re8+ 42. Kf4 b5 43. Nxc5 bxc4 44. Bxc4 Nd6 45. Nxa6+ Kd7 46. Nc5+ Kc7 47. Na6+ Kd7 48. Bb5+ Nxb5 49. Rxb5 Rc8 50. Rb7+ Ke8 51. Nc7+ Kf8 52. Ke5 Kg8 53. a6 Nf8 54. Ne6 Be8 55. Rg7+ 1-0

[Event "SVK-chT4 A22 1213"]
[Site "Slovakia"]
[Date "2013.01.06"]
[Round "6.1"]
[White "Puobis, Jozef"]
[Black "Liptak, Tomas"]
[Result "0-1"]
[WhiteElo "1910"]
[BlackElo "2082"]
[PlyCount "40"]
[EventDate "2012.10.14"]
[EventType "team-tourn"]
[EventRounds "11"]
[EventCountry "SVK"]
[SourceTitle "EXT 2015"]
[Source "ChessBase"]
[SourceDate "2014.11.20"]
[SourceVersion "1"]
[SourceVersionDate "2014.11.20"]
[SourceQuality "1"]
[WhiteTeam "Gabcikovo Russel II"]
[BlackTeam "Cifer II"]
[WhiteTeamCountry "SVK"]
[BlackTeamCountry "SVK"]

1. e4 d6 2. d4 Nf6 3. Nc3 Nbd7 4. Nf3 e5 5. Bc4 Be7 6. dxe5 dxe5 7. 0-0 0-0 8. h3 c6 9. a4 Qc7 10. a5 a6 11. b3 Bb4 12. Bd2 Bxa5 13. Rxa5 Qxa5 14. Nb5 Qd8 15. Nd6 b5 16. Bxf7+ Rxf7 17. Nxf7 Kxf7 18. Ng5+ Kg8 19. Bc3 Qe7 20. Qf3 h6 0-1

[Event "SVK-chT2A 1213"]
[Site "Slovakia"]
[Date "2012.12.15"]
[Round "5.7"]
[White "Puobis, Jozef"]
[Black "Karas, Marek"]
[Result "0-1"]
[WhiteElo "1910"]
[BlackElo "1951"]
[PlyCount "78"]
[EventDate "2012.10.13"]
[EventType "team-tourn"]
[EventRounds "11"]
[EventCountry "SVK"]
[SourceTitle "EXT 2015"]
[Source "ChessBase"]
[SourceDate "2014.11.20"]
[SourceVersion "1"]
[SourceVersionDate "2014.11.20"]
[SourceQuality "1"]
[WhiteTeam "Gabcikovo"]
[BlackTeam "Devinska Nova Ves"]
[WhiteTeamCountry "SVK"]
[BlackTeamCountry "SVK"]

1. d4 Nf6 2. Nf3 e6 3. Bf4 c5 4. e3 d5 5. c3 Be7 6. Bd3 Nc6 7. 0-0 Nh5 8. Be5 Nxe5 9. dxe5 g6 10. g4 Ng7 11. Qa4+ Bd7 12. Qf4 g5 13. Qg3 Qb6 14. b3 0-0-0 15. Nbd2 h5 16. b4 hxg4 17. Qxg4 c4 18. Bc2 f5 19. Qd4 Qxd4 20. Nxd4 Rh6 21. Kg2 Rdh8 22. Rh1 Bd8 23. h3 Bc7 24. N2f3 Rg6 25. Rag1 Rg8 26. Kf1 Ne8 27. Rg2 R6g7 28. Rhg1 g4 29. hxg4 fxg4 30. Nh2 Bxe5 31. Nxg4 Bc7 32. Nf3 Nd6 33. Ke2 Nb5 34. Kd2 e5 35. Bh7 Rxh7 36. Nf6 Rxg2 37. Rxg2 Rh8 38. Nxd5 Rd8 39. Nxc7 Bh3+ 0-1

[Event "SVK-chT2A 1213"]
[Site "Slovakia"]
[Date "2012.12.02"]
[Round "4.7"]
[White "Puobis, Jozef"]
[Black "Pericka, Tomas"]
[Result "0-1"]
[WhiteElo "1910"]
[BlackElo "2029"]
[PlyCount "108"]
[EventDate "2012.10.13"]
[EventType "team-tourn"]
[EventRounds "11"]
[EventCountry "SVK"]
[SourceTitle "EXT 2015"]
[Source "ChessBase"]
[SourceDate "2014.11.20"]
[SourceVersion "1"]
[SourceVersionDate "2014.11.20"]
[SourceQuality "1"]
[WhiteTeam "Gabcikovo"]
[BlackTeam "Osuske II"]
[WhiteTeamCountry "SVK"]
[BlackTeamCountry "SVK"]

1. e4 c5 2. d4 cxd4 3. Qxd4 Nc6 4. Qd3 g6 5. Nc3 Bg7 6. Nf3 Nf6 7. Be2 0-0 8. Nd5 d6 9. c3 Be6 10. Nxf6+ Bxf6 11. 0-0 Qb6 12. Bg5 Ne5 13. Nxe5 Bxg5 14. Nf3 Bf6 15. Qb5 Qc6 16. Qxc6 bxc6 17. Nd4 Bd7 18. f4 Rab8 19. Rab1 Rb6 20. Rfc1 a5 21. Bd3 Rfb8 22. b3 c5 23. Nf3 a4 24. e5 Bg7 25. Bc2 axb3 26. axb3 Bc6 27. exd6 exd6 28. Bd1 Be4 29. Ra1 Bd5 30. Nd2 Be6 31. Ra3 d5 32. Ra5 Rb5 33. Rxb5 Rxb5 34. Kf2 Ra5 35. c4 Ra2 36. Rc2 Ra1 37. cxd5 Bf5 38. Ke2 Bxc2 39. Bxc2 Kf8 40. Nb1 Ke7 41. Kd3 Kd6 42. Kc4 f5 43. g3 Ra2 44. Kd3 Kxd5 45. Nd2 Bd4 46. h3 h5 47. Bb1 Ra1 48. Ke2 Bc3 49. Bd3 Bxd2 50. Kxd2 Kd4 51. g4 Ra2+ 52. Bc2 fxg4 53. hxg4 hxg4 54. Kd1 g3 0-1

[Event "Ostrava Konik op-C"]
[Site "Ostrava"]
[Date "2012.04.30"]
[Round "3"]
[White "Vinklarek, Vlastimil"]
[Black "Puobis, Jozef"]
[Result "1-0"]
[WhiteElo "1712"]
[BlackElo "1923"]
[PlyCount "101"]
[EventDate "2012.04.28"]
[EventType "swiss"]
[EventRounds "9"]
[EventCountry "CZE"]
[SourceTitle "CBM 148 Extra"]
[Source "ChessBase"]
[SourceDate "2012.06.22"]
[SourceVersion "1"]
[SourceVersionDate "2012.06.22"]
[SourceQuality "1"]

1. d4 d5 2. c4 Nc6 3. e3 e5 4. c5 Nf6 5. Nc3 Be7 6. Bb5 e4 7. Nge2 0-0 8. Bxc6 bxc6 9. h3 Ne8 10. 0-0 f5 11. f4 Nf6 12. Bd2 Nh5 13. Be1 Bh4 14. Bxh4 Qxh4 15. Qe1 Qe7 16. b4 Rb8 17. Rb1 Ba6 18. a4 Bd3 19. Rb3 g5 20. Rf2 Kh8 21. Kh2 Rg8 22. g3 gxf4 23. exf4 Qg7 24. Rg2 Rbe8 25. Qf2 Re6 26. g4 Rg6 27. g5 Nf6 28. Ng3 e3 29. Qxe3 Be4 30. Ncxe4 Nxe4 31. Nxf5 Qd7 32. Nh4 R6g7 33. Nf3 Rf8 34. Rg4 Qe6 35. Ne5 Rb8 36. Rb1 Rgg8 37. Rh4 Qf5 38. Rb3 Nxg5 39. fxg5 Qc2+ 40. Kh1 Qd1+ 41. Kh2 Qc2+ 42. Kg3 Rxg5+ 43. Rg4 Rxg4+ 44. hxg4 Rf8 45. Nxc6 Rf6 46. Ne5 h5 47. gxh5 Qf5 48. Qf3 Qe6 49. Qg4 Qe8 50. Rf3 Ra6 51. Rf8+ 1-0

[Event "Olomouc op Seniors"]
[Site "Olomouc"]
[Date "2011.08.07"]
[Round "5"]
[White "Sejkora, Vlastimil"]
[Black "Puobis, Jozef"]
[Result "1-0"]
[WhiteElo "2212"]
[BlackElo "1945"]
[PlyCount "39"]
[EventDate "2011.08.04"]
[EventType "swiss"]
[EventRounds "9"]
[EventCountry "CZE"]
[SourceTitle "EXT 2012"]
[Source "ChessBase"]
[SourceDate "2011.11.24"]
[SourceVersion "1"]
[SourceVersionDate "2011.11.24"]
[SourceQuality "1"]

1. e4 e5 2. Nf3 Nc6 3. Bb5 Nf6 4. d3 d6 5. Bxc6+ bxc6 6. h3 Be7 7. 0-0 0-0 8. Nbd2 Ba6 9. Re1 c5 10. b3 Nd7 11. g4 Bc8 12. Nf1 g6 13. Bh6 Re8 14. Ng3 Nf8 15. Bxf8 Rxf8 16. Qd2 Kg7 17. Kh2 Qd7 18. Rg1 h5 19. Nf5+ gxf5 20. gxf5+ 1-0

[Event "Ostrava Konik op-C"]
[Site "Ostrava"]
[Date "2011.05.04"]
[Round "5"]
[White "Puobis, Jozef"]
[Black "Doskar, Miloslav"]
[Result "1/2-1/2"]
[WhiteElo "1949"]
[BlackElo "1772"]
[PlyCount "51"]
[EventDate "2011.04.30"]
[EventType "swiss"]
[EventRounds "9"]
[EventCountry "CZE"]
[SourceTitle "CBM 142 Extra"]
[Source "ChessBase"]
[SourceDate "2011.06.27"]
[SourceVersion "1"]
[SourceVersionDate "2011.06.27"]
[SourceQuality "1"]

1. e4 c5 2. d4 cxd4 3. Qxd4 Nc6 4. Qd3 e6 5. Nf3 Qc7 6. Nc3 a6 7. Be2 d6 8. 0-0 Be7 9. Bf4 Nf6 10. Rfd1 e5 11. Bg5 Be6 12. Bxf6 gxf6 13. a3 Rc8 14. Nd5 Qd8 15. Rac1 Rg8 16. Nxe7 Kxe7 17. Nh4 Nd4 18. Kh1 Qd7 19. c3 Nxe2 20. Qxe2 Rg4 21. g3 Qc6 22. f3 Rg5 23. g4 Rd8 24. Nf5+ Bxf5 25. gxf5 Rdg8 26. Rg1 1/2-1/2

[Event "SVK-chT3A2 1011"]
[Site "Slovakia"]
[Date "2011.01.30"]
[Round "7.4"]
[White "Takacs, Laszlo"]
[Black "Puobis, Jozef"]
[Result "1-0"]
[WhiteElo "1921"]
[BlackElo "1949"]
[PlyCount "63"]
[EventDate "2010.10.17"]
[EventType "team-tourn"]
[EventRounds "11"]
[EventCountry "SVK"]
[SourceTitle "EXT 2012"]
[Source "ChessBase"]
[SourceDate "2011.11.24"]
[SourceVersion "1"]
[SourceVersionDate "2011.11.24"]
[SourceQuality "1"]
[WhiteTeam "Dunajska Streda SK III"]
[BlackTeam "Gabcikovo Russel"]
[WhiteTeamCountry "SVK"]
[BlackTeamCountry "SVK"]

1. e4 d5 2. exd5 Nf6 3. d4 Nxd5 4. Nf3 Bf5 5. Bd3 Bxd3 6. Qxd3 c6 7. 0-0 e6 8. c4 Nf6 9. Qb3 Qb6 10. Qa4 Nbd7 11. c5 Qd8 12. Nc3 Be7 13. Re1 0-0 14. Bg5 h6 15. Bh4 Nd5 16. Bxe7 Nxe7 17. Ne4 b5 18. Qb3 a5 19. a4 b4 20. Rad1 Nd5 21. Nd6 Qf6 22. Qc2 Rfb8 23. b3 Nc3 24. Rd3 Qf4 25. Nd2 Nf6 26. N2c4 Ng4 27. g3 Qg5 28. h3 Nf6 29. Ne5 Rf8 30. Nxc6 Ra6 31. Ne7+ Kh8 32. Re5 1-0

[Event "Olomouc Seniors op"]
[Site "Olomouc"]
[Date "2010.08.06"]
[Round "3"]
[White "Puobis, Jozef"]
[Black "Kearsley, Raymond J"]
[Result "0-1"]
[WhiteElo "1955"]
[BlackElo "1871"]
[PlyCount "40"]
[EventDate "2010.08.04"]
[EventType "swiss"]
[EventRounds "9"]
[EventCountry "CZE"]
[SourceTitle "CBM 137 Extra"]
[Source "ChessBase"]
[SourceDate "2010.09.01"]
[SourceVersion "1"]
[SourceVersionDate "2010.09.01"]
[SourceQuality "1"]

1. e4 c5 2. d4 cxd4 3. Qxd4 Nc6 4. Qd3 g6 5. Nf3 Bg7 6. Nc3 Nf6 7. Nd5 0-0 8. c3 d6 9. Be2 Nxd5 10. exd5 Bf5 11. Qb5 Ne5 12. Nxe5 Bxe5 13. Qxb7 Qa5 14. Qb5 Bxc3+ 15. Kf1 Qxb5 16. Bxb5 Bd4 17. a4 Rfc8 18. Bc6 Rab8 19. Ra2 e6 20. Ke2 exd5 0-1

[Event "SVK-ch Seniors-A"]
[Site "Tatranske Matliare"]
[Date "2010.06.06"]
[Round "1"]
[White "Puobis, Jozef"]
[Black "Paulicka, Ivan"]
[Result "0-1"]
[WhiteElo "1974"]
[BlackElo "1783"]
[PlyCount "94"]
[EventDate "2010.06.06"]
[EventType "swiss"]
[EventRounds "9"]
[EventCountry "SVK"]
[SourceTitle "EXT 2023"]
[Source "ChessBase"]
[SourceDate "2022.10.05"]
[SourceVersion "1"]
[SourceVersionDate "2022.10.05"]
[SourceQuality "1"]

1. e4 e5 2. Nf3 Nc6 3. d4 exd4 4. Nxd4 Bc5 5. Nxc6 Qf6 6. Qf3 Qxc6 7. Nc3 a6 8. Be3 d6 9. Bd3 Nf6 10. Nd5 Ng4 11. 0-0 Nxe3 12. fxe3 Be6 13. b4 Ba7 14. b5 Qc5 15. bxa6 Bxd5 16. exd5 Qxe3+ 17. Kh1 Qxf3 18. Rxf3 bxa6 19. Bxa6 0-0 20. Bb5 Bd4 21. Rd1 Bc5 22. a4 f5 23. g3 g6 24. Re1 Bd4 25. c4 h6 26. Rd3 Bb6 27. Bd7 Kg7 28. Re7+ Kf6 29. Re6+ Kg5 30. Kg2 h5 31. Bc6 Rab8 32. Re7 f4 33. h4+ Kh6 34. Re2 Rf6 35. Be8 Be3 36. Rdxe3 fxe3 37. Bb5 Rf2+ 38. Rxf2 exf2 39. Kxf2 g5 40. hxg5+ Kxg5 41. Ke3 Kg4 42. Kd4 Kxg3 43. c5 h4 44. cxd6 cxd6 45. Bd7 h3 46. Bxh3 Kxh3 47. Ke4 Kg4 0-1